| 000 | 00478cam a2200181ua 4500 | ||
|---|---|---|---|
| 001 | 1093 | ||
| 008 | 110428n ii |||gr||||Z||||||eng | ||
| 040 | _cMAIN | ||
| 082 | _a320.934 | ||
| 245 | 1 |
_aState & government in ancient India. _cBy A S Altekar. |
|
| 250 | _a3rd. | ||
| 260 |
_aDelhi.: _bMotilal banarsidass.,958. |
||
| 300 |
_a404 p.: _c20 cm. |
||
| 653 | _aPolitical science. | ||
| 653 | _astate & government in ancient India. | ||
| 700 | _aAltekar, A S., | ||
| 942 | _cBK | ||
| 999 |
_c1009 _d1009 |
||